1005 1902 1070 1547 1381 1471 1453 1609 1343 1233 1786 1799 1508 1479 1760 1262 1624 1918 1607 1217 1979 1727 1339 1264 1949 1160 1764 1852 1093 1920 1251 1619 1346 1570 2000 1942 1477 1409 1004 1499 1170 1687 1617 1206 1869 1564 1309 1996 1719 1608 1353 1695 1217 1646 1777 1175 1803 1882 1401 1131 1215 1389 1879 1179 1950 1314 1337 1133 1112 1777 1924 1837 1815 1146 1807 1484 1974 1546 1257 1448 1513 1510 1772 1404 1422 1773 1133 1072 1327 1162 1497 1156 1520 1322 1427 1986 1532 1790 1139 BCNSPRNW ULIB Ver.6.0+V

เปลี่ยนเป็นภาษาไทย

Change to English
 แสดงรายละเอียดบรรณานุกรม
  กลับหน้าหลัก

Brief Record : Get Marc (ISO 2709) : E-mail record : QR code < ปิดหน้าต่าง
สารบัญ Review โดย
ทศพร เกษรทอง
ห้องสมุดวิทยาเขตนครสวรรค์
ทศพร เกษรทอง เมื่อ2/มีนาคม/2558
ทฤษฎีปฏิสัมพันธ์เชิงสัญลักษณ์ของครอบครัว
ทฤษฎีหน้าที่เชิงโครงสร้างของครอบครัว
ทฤษฎีพัฒนาการครอบครัว
ทฤษฎีความเครียดของครอบครัว
ทฤษฎีระบบครอบครัว
ทฤษฎีความขัดแย้งของครอบครัว
ทฤษฎีการแลกเปลี่ยนทางสังคมของครอบครัว
ทฤษฎีครอบครัวสตรีนิยม
ทฤษฎีสังคมชีววิทยาของครอบครัว

LEADER : 00000nam 2200000uu 4500
001    13399124304
003     ULIB
008    150302s2557||||th 000 0 tha d
020    ^a9786163741394
060  4 ^aWA308^bพ863ท
100 0  ^aพูนสุข เวชวิฐาน
245 10 ^aทฤษฎีครอบครัวเบื้องต้น =^bAn Introduction to Family Theories /^cพูนสุข เวชวิฐาน
250    ^aพิมพ์ครั้งที่ 1
260    ^aกรุงเทพฯ :^bภาพพิมพ์,^c2557
300    ^a276 หน้า :^bภาพประกอบ ;^c21 ซม.
650  7 ^aครอบครัว
650  7 ^aสังคมศาสตร์
650  7 ^aทฤษฎีสังคม
945    ^p250^l0^i22911
945    ^p250^l0^i22912
945    ^p250^l0^i22913
945    ^p250^l0^i22914
945    ^p250^l0^i22915
999    ^aทศพร เกษรทอง
รายการนี้ยังไม่มีแท็ก
คุณยังไม่ได้ล็อกอิน คุณสามารถมีกิจกรรมร่วมกับเว็บไซต์ได้ แต่ต้องล็อกอินก่อน ::
  ล็อกอิน

รายการสื่อสารสนเทศ

ลำดับที่ ประเภท เลขเรียก/บาร์โค้ด สถานที่ สถานะ
1. วิทยาศาสตร์การแพทย์ และสุขภาพ
วิทยาศาสตร์การแพทย์ และสุขภาพ
สถานะ=หนังสือเก่า
WA308 พ863ท ฉ.1 
  Barcode: 22911
ห้องสมุดวิทยาเขตนครสวรรค์
►ส่วนจัดเก็บหนังสือเก่า นว.
บนชั้น
  ขอยืม
2. วิทยาศาสตร์การแพทย์ และสุขภาพ
วิทยาศาสตร์การแพทย์ และสุขภาพ
สถานะ=หนังสือเก่า
WA308 พ863ท ฉ.2 
  Barcode: 22912
ห้องสมุดวิทยาเขตนครสวรรค์
►ส่วนจัดเก็บหนังสือเก่า นว.
บนชั้น
  ขอยืม
3. วิทยาศาสตร์การแพทย์ และสุขภาพ
วิทยาศาสตร์การแพทย์ และสุขภาพ
สถานะ=หนังสือเก่า
WA308 พ863ท ฉ.3 
  Barcode: 22913
ห้องสมุดวิทยาเขตนครสวรรค์
►ส่วนจัดเก็บหนังสือเก่า นว.
บนชั้น
  ขอยืม
4. วิทยาศาสตร์การแพทย์ และสุขภาพ
วิทยาศาสตร์การแพทย์ และสุขภาพ
สถานะ=หนังสือเก่า
WA308 พ863ท ฉ.4 
  Barcode: 22914
ห้องสมุดวิทยาเขตนครสวรรค์
►ส่วนจัดเก็บหนังสือเก่า นว.
บนชั้น
  ขอยืม
5. วิทยาศาสตร์การแพทย์ และสุขภาพ
วิทยาศาสตร์การแพทย์ และสุขภาพ
สถานะ=หนังสือเก่า
WA308 พ863ท ฉ.5 
  Barcode: 22915
ห้องสมุดวิทยาเขตนครสวรรค์
►ส่วนจัดเก็บหนังสือเก่า นว.
บนชั้น
  ขอยืม

รายการใกล้เคียง
    ผู้แต่ง [พูนสุข เวชวิฐาน]

    หัวเรื่อง [ครอบครัว]
    หัวเรื่อง [สังคมศาสตร์]
    หัวเรื่อง [ทฤษฎีสังคม]

BibComment


ยังไม่เคยถูกคอมเมนท์

คอมเมนท์ทรัพยากรรายการนี้
  คอมเมนท์: ทฤษฎีครอบครัวเบื..


 Copyright 2026. Bcnsprnw @Library